[Event "Bundesliga 0001"]
[Site "Deutschland"]
[Date "2001.03.31"]
[Round "12.6"]
[White "Franke, Johannes"]
[Black "Hansen, Lars Bo"]
[Result "0-1"]
[WhiteElo "2290"]
[BlackElo "2562"]
[PlyCount "86"]
[EventDate "2000.10.14"]
[EventType "team"]
[EventRounds "15"]
[EventCountry "GER"]
[SourceTitle "Bundesliga 0001"]
[Source "DeepChess"]
[SourceDate "2005.01.01"]
[SourceVersion "1"]
[SourceVersionDate "2005.01.01"]
[SourceQuality "1"]
[WhiteTeam "SV Wattenscheid 1930"]
[BlackTeam "Luebecker SV von 1873 "]
[WhiteTeamCountry "GER"]
[BlackTeamCountry "GER"]

1. e4 e6 2. d3 d5 3. Nd2 Nf6 4. e5 Nfd7 5. f4 f6 6. Ngf3 fxe5 7. Nxe5 Nxe5 8.
fxe5 Be7 9. Qg4 O-O 10. Nf3 c5 11. d4 Nc6 12. c3 cxd4 13. Bd3 Rxf3 14. Qxf3
Nxe5 15. Bxh7+ Kxh7 16. Qh5+ Kg8 17. Qxe5 Bh4+ 18. g3 Bf6 19. Qh5 dxc3 20. O-O
Bd7 21. bxc3 Rc8 22. Bd2 d4 23. Rxf6 Qxf6 24. Rf1 Be8 25. Qg4 Qg6 26. Qxd4 Bb5
27. Re1 Bc4 28. Qxa7 b5 29. Qd7 Rf8 30. Qd4 Qh5 31. Bf4 Ra8 32. a4 Bd5 33. Qd1
Qxd1 34. Rxd1 bxa4 35. c4 Bxc4 36. Rd7 a3 37. Be5 a2 38. Ba1 Rb8 39. Kf2 Rb1
40. Bxg7 a1=Q 41. Bxa1 Rxa1 42. g4 Ra3 43. h4 Bd5 0-1

[Event "Bundesliga 0001"]
[Site "Deutschland"]
[Date "2001.03.31"]
[Round "12.7"]
[White "Hector, Jonny"]
[Black "Blecken, Volker"]
[Result "1-0"]
[WhiteElo "2509"]
[BlackElo "2275"]
[PlyCount "75"]
[EventDate "2000.10.14"]
[EventType "team"]
[EventRounds "15"]
[EventCountry "GER"]
[SourceTitle "Bundesliga 0001"]
[Source "DeepChess"]
[SourceDate "2005.01.01"]
[SourceVersion "1"]
[SourceVersionDate "2005.01.01"]
[SourceQuality "1"]
[WhiteTeam "Luebecker SV von 1873 "]
[BlackTeam "SV Wattenscheid 1930"]
[WhiteTeamCountry "GER"]
[BlackTeamCountry "GER"]

1. e4 c6 2. d4 d5 3. Nd2 dxe4 4. Nxe4 Nd7 5. Ng5 Ngf6 6. Bc4 e6 7. Qe2 Nb6 8.
Bd3 h6 9. N5f3 c5 10. Be3 Qc7 11. Ne5 Bd7 12. Ngf3 cxd4 13. Bxd4 Bc5 14. Bxc5
Qxc5 15. O-O O-O 16. c4 Rfd8 17. b3 Be8 18. Qb2 Ng4 19. Rae1 Nxe5 20. Rxe5 Qc7
21. Re3 a5 22. Bb1 Nd7 23. Rfe1 Ra6 24. h3 Rd6 25. Qc2 Nf6 26. Ne5 Rd4 27. Ng4
Nxg4 28. Qh7+ Kf8 29. hxg4 Rxg4 30. Bf5 Rg5 31. Qh8+ Ke7 32. Bxe6 Bc6 33. Bd5+
Kd6 34. Qh7 Bxd5 35. cxd5 Rg6 36. Re6+ Kxd5 37. Rxg6 fxg6 38. Qxg6 1-0

[Event "Bundesliga 0001"]
[Site "Deutschland"]
[Date "2001.03.31"]
[Round "12.8"]
[White "Lauzeningks, Jan"]
[Black "Mortensen, Erling"]
[Result "1-0"]
[WhiteElo "2307"]
[BlackElo "2438"]
[PlyCount "110"]
[EventDate "2000.10.14"]
[EventType "team"]
[EventRounds "15"]
[EventCountry "GER"]
[SourceTitle "Bundesliga 0001"]
[Source "DeepChess"]
[SourceDate "2005.01.01"]
[SourceVersion "1"]
[SourceVersionDate "2005.01.01"]
[SourceQuality "1"]
[WhiteTeam "SV Wattenscheid 1930"]
[BlackTeam "Luebecker SV von 1873 "]
[WhiteTeamCountry "GER"]
[BlackTeamCountry "GER"]

1. e4 c5 2. c3 e6 3. d3 d5 4. Nd2 Nc6 5. Ngf3 Nge7 6. g3 g6 7. Bg2 Bg7 8. O-O
b6 9. Re1 a5 10. exd5 exd5 11. d4 a4 12. Ne5 Nxe5 13. dxe5 Be6 14. Nf3 h6 15.
h4 O-O 16. Bf4 Qd7 17. Qe2 Rfd8 18. Nh2 Nc6 19. Bf3 d4 20. Rad1 Rac8 21. Be4
Bf5 22. Nf3 Bxe4 23. Qxe4 Qd5 24. Qxd5 Rxd5 25. cxd4 Nxd4 26. Nxd4 Rxd4 27.
Rxd4 cxd4 28. Rd1 g5 29. hxg5 hxg5 30. Bxg5 Bxe5 31. Kg2 Rc5 32. Rd2 f6 33. Bh6
b5 34. Kf3 Kf7 35. g4 d3 36. Ke4 Rc4+ 37. Kxd3 Rxg4 38. Be3 Rb4 39. f4 Bxf4 40.
Bxf4 Rxf4 41. Ke3 Rh4 42. a3 Ke6 43. Rc2 Kd5 44. Rf2 Ke5 45. Kd3 Rh3+ 46. Kd2
Rb3 47. Kc2 f5 48. Re2+ Kd4 49. Rf2 Ke4 50. Kd1 f4 51. Rc2 Re3 52. Rf2 Rg3 53.
Re2+ Kd4 54. Rh2 f3 55. Rh8 Rg1+ 1-0

[Event "Bundesliga 0001"]
[Site "Deutschland"]
[Date "2001.03.31"]
[Round "12.1"]
[White "Balcerak, Jakob"]
[Black "Hracek, Zbynek"]
[Result "0-1"]
[WhiteElo "2413"]
[BlackElo "2612"]
[PlyCount "152"]
[EventDate "2000.10.14"]
[EventType "team"]
[EventRounds "15"]
[EventCountry "GER"]
[SourceTitle "Bundesliga 0001"]
[Source "DeepChess"]
[SourceDate "2005.01.01"]
[SourceVersion "1"]
[SourceVersionDate "2005.01.01"]
[SourceQuality "1"]
[WhiteTeam "TSV Schott Mainz"]
[BlackTeam "SAbt SV Werder Bremen"]
[WhiteTeamCountry "GER"]
[BlackTeamCountry "GER"]

1. e4 c5 2. Nf3 d6 3. d4 cxd4 4. Nxd4 Nf6 5. Nc3 a6 6. Be3 e5 7. Nb3 Be6 8. f3
Be7 9. Qd2 O-O 10. O-O-O Qc7 11. g4 Nbd7 12. g5 Nh5 13. Kb1 g6 14. Nd5 Bxd5 15.
Qxd5 Rac8 16. c3 Nb6 17. Qa5 Nc4 18. Qxc7 Rxc7 19. Bxc4 Rxc4 20. Na5 Rc7 21.
Bb6 Rcc8 22. c4 f5 23. Be3 fxe4 24. fxe4 Rf3 25. Rhe1 Nf4 26. Bxf4 Rxf4 27.
Nxb7 Rxc4 28. Nxd6 Rc6 29. Nb7 Rc7 30. Nd6 Rf2 31. b3 Bxg5 32. Nc4 Rxh2 33. Rd6
Bf4 34. Rxa6 Kg7 35. a4 Bd2 36. Nxd2 Rxd2 37. a5 Rb7 38. Re3 Rf7 39. Rc6 Rf1+
40. Rc1 Rff2 41. Rc7+ Kf6 42. b4 Rb2+ 43. Ka1 Ra2+ 44. Kb1 Rfb2+ 45. Kc1 Rh2
46. Kb1 Rab2+ 47. Kc1 Ra2 48. Kb1 Rhb2+ 49. Kc1 Rxb4 50. Rxh7 Rc4+ 51. Kd1 Rd4+
52. Kc1 Rxa5 53. Rf3+ Kg5 54. Rg3+ Kf4 55. Rxg6 Rc5+ 56. Kb2 Rb4+ 57. Ka3 Rxe4
58. Rf7+ Ke3 59. Rg3+ Ke2 60. Rg2+ Kd3 61. Rd7+ Rd4 62. Rb7 Rdc4 63. Rg3+ Ke4
64. Kb3 Rc1 65. Rb4+ Kf5 66. Rf3+ Ke6 67. Kb2 R5c2+ 68. Kb3 Rc8 69. Kb2 R1c4
70. Rb7 Rc2+ 71. Kb3 Rc1 72. Kb2 R8c2+ 73. Kb3 Rc7 74. Rb6+ Kd5 75. Kb2 R7c2+
76. Kb3 Rc6 0-1

[Event "Bundesliga 0001"]
[Site "Deutschland"]
[Date "2001.03.31"]
[Round "12.3"]
[White "Cicak, Slavko"]
[Black "Schandorff, Lars"]
[Result "1/2-1/2"]
[WhiteElo "2543"]
[BlackElo "2520"]
[PlyCount "46"]
[EventDate "2000.10.14"]
[EventType "team"]
[EventRounds "15"]
[EventCountry "GER"]
[SourceTitle "Bundesliga 0001"]
[Source "DeepChess"]
[SourceDate "2005.01.01"]
[SourceVersion "1"]
[SourceVersionDate "2005.01.01"]
[SourceQuality "1"]
[WhiteTeam "TSV Schott Mainz"]
[BlackTeam "SAbt SV Werder Bremen"]
[WhiteTeamCountry "GER"]
[BlackTeamCountry "GER"]

1. e4 e5 2. Nf3 Nf6 3. Nxe5 d6 4. Nf3 Nxe4 5. c4 Be7 6. d3 Ng5 7. Be2 O-O 8.
O-O Nc6 9. d4 Nxf3+ 10. Bxf3 Bf6 11. Bxc6 bxc6 12. Nc3 Be6 13. b3 c5 14. Be3 c6
15. Qd2 d5 16. cxd5 cxd5 17. Na4 c4 18. Nc5 Be7 19. Nxe6 fxe6 20. Rac1 cxb3 21.
axb3 Qb6 22. Qc2 Rab8 23. Qc6 Bf6 1/2-1/2

[Event "Bundesliga 0001"]
[Site "Deutschland"]
[Date "2001.03.31"]
[Round "12.5"]
[White "Wornath, Kai Rudolf"]
[Black "Knaak, Rainer"]
[Result "1/2-1/2"]
[WhiteElo "2398"]
[BlackElo "2513"]
[PlyCount "55"]
[EventDate "2000.10.14"]
[EventType "team"]
[EventRounds "15"]
[EventCountry "GER"]
[SourceTitle "Bundesliga 0001"]
[Source "DeepChess"]
[SourceDate "2005.01.01"]
[SourceVersion "1"]
[SourceVersionDate "2005.01.01"]
[SourceQuality "1"]
[WhiteTeam "TSV Schott Mainz"]
[BlackTeam "SAbt SV Werder Bremen"]
[WhiteTeamCountry "GER"]
[BlackTeamCountry "GER"]

1. d4 d6 2. c4 e5 3. Nf3 e4 4. Nfd2 f5 5. g3 Nf6 6. Bg2 c6 7. Nc3 d5 8. O-O h5
9. h4 Be7 10. cxd5 cxd5 11. Nb3 Nc6 12. Bf4 a6 13. Rc1 Be6 14. Na4 Nd7 15. Nac5
Nxc5 16. Nxc5 Kf7 17. Nxb7 Qb6 18. Nc5 Rac8 19. e3 Qxb2 20. f3 Bxc5 21. Rxc5
Ne7 22. Qc1 Qxc1 23. Rfxc1 Rxc5 24. Rxc5 Rc8 25. Rxc8 Bxc8 26. Bd6 Nc6 27. f4
Ke6 28. Bc5 1/2-1/2

[Event "Bundesliga 0001"]
[Site "Deutschland"]
[Date "2001.03.31"]
[Round "12.7"]
[White "Grafl, Florian"]
[Black "Joachim, Sven"]
[Result "1-0"]
[WhiteElo "2299"]
[BlackElo "2445"]
[PlyCount "73"]
[EventDate "2000.10.14"]
[EventType "team"]
[EventRounds "15"]
[EventCountry "GER"]
[SourceTitle "Bundesliga 0001"]
[Source "DeepChess"]
[SourceDate "2005.01.01"]
[SourceVersion "1"]
[SourceVersionDate "2005.01.01"]
[SourceQuality "1"]
[WhiteTeam "TSV Schott Mainz"]
[BlackTeam "SAbt SV Werder Bremen"]
[WhiteTeamCountry "GER"]
[BlackTeamCountry "GER"]

1. e4 e6 2. d4 d5 3. Nc3 Nf6 4. Bg5 Bb4 5. e5 h6 6. Bc1 Ne4 7. Qg4 g6 8. Nge2
c5 9. a3 Ba5 10. b4 Nxc3 11. Nxc3 cxd4 12. Nb5 Bc7 13. f4 a6 14. Nxd4 Bb6 15.
Bb2 Nc6 16. O-O-O Nxd4 17. Bxd4 Bd7 18. Bb2 a5 19. b5 a4 20. Qf3 h5 21. Kb1 Qc7
22. Rc1 Qc5 23. c4 O-O 24. g4 Qe3 25. Qg3 hxg4 26. Rd1 Rfd8 27. Qxg4 dxc4 28.
Bxc4 Rac8 29. Bd3 Be8 30. Rhe1 Qc5 31. Ka1 Qe7 32. f5 exf5 33. Bxf5 Rxd1+ 34.
Rxd1 Rd8 35. Rxd8 Qxd8 36. e6 Qd5 37. Qh4 1-0

[Event "Bundesliga 0001"]
[Site "Deutschland"]
[Date "2001.03.31"]
[Round "12.8"]
[White "Heissler, Jakob"]
[Black "Muranyi, Karl Jasmin"]
[Result "1/2-1/2"]
[WhiteElo "2447"]
[BlackElo "2297"]
[PlyCount "104"]
[EventDate "2000.10.14"]
[EventType "team"]
[EventRounds "15"]
[EventCountry "GER"]
[SourceTitle "Bundesliga 0001"]
[Source "DeepChess"]
[SourceDate "2005.01.01"]
[SourceVersion "1"]
[SourceVersionDate "2005.01.01"]
[SourceQuality "1"]
[WhiteTeam "SAbt SV Werder Bremen"]
[BlackTeam "TSV Schott Mainz"]
[WhiteTeamCountry "GER"]
[BlackTeamCountry "GER"]

1. e4 c6 2. d3 d5 3. Nd2 g6 4. Ngf3 Bg4 5. h3 Bxf3 6. Qxf3 Bg7 7. Qe2 e6 8. g3
Ne7 9. Bg2 Nd7 10. O-O a5 11. Nf3 O-O 12. d4 Qb6 13. c3 Qa6 14. Re1 Qxe2 15.
Rxe2 Rfe8 16. exd5 cxd5 17. Bf4 Nc6 18. Ne1 a4 19. a3 Na5 20. Nd3 Rec8 21. h4
Nc4 22. Rae1 Nxa3 23. bxa3 Rxc3 24. Ne5 Nxe5 25. dxe5 Rxa3 26. Rb2 Rc3 27. Rxb7
a3 28. Ra1 h6 29. Ra2 g5 30. hxg5 hxg5 31. Bd2 Rc4 32. Bf1 Re4 33. Bxg5 Bxe5
34. Be7 Rea4 35. Bb5 R4a7 36. Rxa7 Rxa7 37. Bxa3 Bd6 38. Bxd6 Rxa2 39. Be5 Rc2
40. Kg2 Rc8 41. g4 Kf8 42. g5 Ra8 43. Kf3 Ra5 44. Bd3 Ra4 45. Ke3 Kg8 46. f4
Rb4 47. Kd2 Ra4 48. Kc3 Ra8 49. Kd4 Rc8 50. Bf6 Rc1 51. Be2 Kf8 52. Bd3 Kg8
1/2-1/2

[Event "Bundesliga 0001"]
[Site "Deutschland"]
[Date "2001.03.31"]
[Round "12.1"]
[White "Beliavsky, Alexander G"]
[Black "Feygin, Michail"]
[Result "1-0"]
[WhiteElo "2654"]
[BlackElo "2482"]
[PlyCount "79"]
[EventDate "2000.10.14"]
[EventType "team"]
[EventRounds "15"]
[EventCountry "GER"]
[SourceTitle "Bundesliga 0001"]
[Source "DeepChess"]
[SourceDate "2005.01.01"]
[SourceVersion "1"]
[SourceVersionDate "2005.01.01"]
[SourceQuality "1"]
[WhiteTeam "SK Koenig Plauen"]
[BlackTeam "SC Hassel KS Gelsenkirchen"]
[WhiteTeamCountry "GER"]
[BlackTeamCountry "GER"]

1. d4 d5 2. c4 e6 3. Nc3 c6 4. Nf3 dxc4 5. a4 Bb4 6. e3 b5 7. Bd2 Qe7 8. axb5
Bxc3 9. Bxc3 cxb5 10. d5 Nf6 11. d6 Qb7 12. Bxf6 gxf6 13. Be2 a6 14. b3 cxb3
15. Qxb3 e5 16. O-O Be6 17. Qb4 Nd7 18. Rfc1 O-O 19. Bd3 Rfc8 20. Be4 Qa7 21.
Bxa8 Qxa8 22. Rc7 Rxc7 23. dxc7 Qc6 24. Qa5 Nb6 25. Nd2 Bc8 26. Qb4 Qxc7 27.
Ne4 Nd5 28. Qd6 Qxd6 29. Nxd6 Bd7 30. Rxa6 b4 31. Ra8+ Kg7 32. Rb8 f5 33. Nc4
Kf6 34. Nb6 Nxb6 35. Rxb6+ Be6 36. Rxb4 Kg6 37. f4 f6 38. Rb6 Kf7 39. Rb7+ Kg6
40. Re7 1-0

[Event "Bundesliga 0001"]
[Site "Deutschland"]
[Date "2001.03.31"]
[Round "12.2"]
[White "Kishnev, Sergey"]
[Black "Bischoff, Klaus"]
[Result "1/2-1/2"]
[WhiteElo "2495"]
[BlackElo "2556"]
[PlyCount "42"]
[EventDate "2000.10.14"]
[EventType "team"]
[EventRounds "15"]
[EventCountry "GER"]
[SourceTitle "Bundesliga 0001"]
[Source "DeepChess"]
[SourceDate "2005.01.01"]
[SourceVersion "1"]
[SourceVersionDate "2005.01.01"]
[SourceQuality "1"]
[WhiteTeam "SC Hassel KS Gelsenkirchen"]
[BlackTeam "SK Koenig Plauen"]
[WhiteTeamCountry "GER"]
[BlackTeamCountry "GER"]

1. d4 e6 2. c4 b6 3. e4 Bb7 4. Bd3 Bb4+ 5. Bd2 Bxd2+ 6. Nxd2 Nh6 7. Ngf3 O-O 8.
O-O f6 9. b4 Nc6 10. Qb3 Ne7 11. d5 e5 12. c5 d6 13. Rfc1 g5 14. cxd6 cxd6 15.
Bb5 Bc8 16. Bc6 Rb8 17. b5 Ng6 18. Qa3 Qe7 19. Rc4 Bg4 20. Ne1 Rbd8 21. h3 Bc8
1/2-1/2

[Event "Bundesliga 0001"]
[Site "Deutschland"]
[Date "2001.03.31"]
[Round "12.3"]
[White "Boensch, Uwe"]
[Black "Kalka, Arkadius Georg"]
[Result "1-0"]
[WhiteElo "2558"]
[BlackElo "2378"]
[PlyCount "121"]
[EventDate "2000.10.14"]
[EventType "team"]
[EventRounds "15"]
[EventCountry "GER"]
[SourceTitle "Bundesliga 0001"]
[Source "DeepChess"]
[SourceDate "2005.01.01"]
[SourceVersion "1"]
[SourceVersionDate "2005.01.01"]
[SourceQuality "1"]
[WhiteTeam "SK Koenig Plauen"]
[BlackTeam "SC Hassel KS Gelsenkirchen"]
[WhiteTeamCountry "GER"]
[BlackTeamCountry "GER"]

1. d4 Nf6 2. c4 g6 3. Nc3 Bg7 4. e4 O-O 5. Bg5 d6 6. Qd2 Na6 7. Rd1 Qe8 8. f3
e5 9. d5 h5 10. Bd3 Nh7 11. Be3 f5 12. Nge2 f4 13. Bf2 g5 14. Nb5 g4 15. h4
gxh3 16. gxh3 h4 17. Ng1 Qh5 18. Nxa7 Bd7 19. Nb5 Ng5 20. Be2 Rf6 21. Qa5 b6
22. Qa3 Rh6 23. b4 Qe8 24. Qb2 Kh8 25. Rh2 Bf6 26. Rd3 Bg7 27. Ra3 Qc8 28. Nc3
Qb7 29. Kd1 Nb8 30. Rb3 Qc8 31. Bf1 Be8 32. Nb5 Bh5 33. Be2 Bg6 34. Ra3 Na6 35.
Nc3 Qb7 36. Rg2 Bf6 37. Rg4 Nf7 38. Nb5 Bh5 39. Rg2 Rg8 40. Rxg8+ Kxg8 41. Qb3
Qc8 42. Na7 Qb7 43. Nc6 Rg6 44. Qa4 Qc8 45. Bf1 Kh7 46. Qxa6 Qg8 47. Ne2 Ng5
48. Qb7 Nxf3 49. Ra8 Qf7 50. Qc8 Nh2 51. Qf5 Bf3 52. Bg2 Kg7 53. Bxf3 Nxf3 54.
Bxb6 Rg5 55. Qc8 Kh6 56. Qxc7 Qh5 57. Qxd6 Rg6 58. Ne7 Nd4 59. Rh8+ Bxh8 60.
Qxg6+ Qxg6 61. Nxg6 1-0

[Event "Bundesliga 0001"]
[Site "Deutschland"]
[Date "2001.03.31"]
[Round "12.4"]
[White "Kotter, Ralf"]
[Black "Kindermann, Stefan"]
[Result "0-1"]
[WhiteElo "2369"]
[BlackElo "2519"]
[PlyCount "64"]
[EventDate "2000.10.14"]
[EventType "team"]
[EventRounds "15"]
[EventCountry "GER"]
[SourceTitle "Bundesliga 0001"]
[Source "DeepChess"]
[SourceDate "2005.01.01"]
[SourceVersion "1"]
[SourceVersionDate "2005.01.01"]
[SourceQuality "1"]
[WhiteTeam "SC Hassel KS Gelsenkirchen"]
[BlackTeam "SK Koenig Plauen"]
[WhiteTeamCountry "GER"]
[BlackTeamCountry "GER"]

1. e4 e6 2. d4 d5 3. Nc3 Bb4 4. e5 c5 5. a3 Bxc3+ 6. bxc3 Ne7 7. h4 Nbc6 8. Nf3
Qa5 9. Bd2 Bd7 10. h5 O-O-O 11. h6 gxh6 12. Rxh6 Rdg8 13. Rb1 Qc7 14. Rh4 Nf5
15. Rf4 f6 16. exf6 e5 17. dxe5 Nxe5 18. Nxe5 Qxe5+ 19. Qe2 Qxf6 20. Kd1 Re8
21. Qf3 Qe5 22. c4 Be6 23. Qb3 Nd6 24. Qa4 Kb8 25. cxd5 Bxd5 26. Qa5 Ne4 27.
Kc1 Re7 28. Rh4 Ka8 29. Bf4 Qf6 30. g3 Nc3 31. Rh6 Qd4 32. Be3 Rxe3 0-1

[Event "Bundesliga 0001"]
[Site "Deutschland"]
[Date "2001.03.31"]
[Round "12.5"]
[White "Schaller, Sven"]
[Black "Meessen, Rudolf"]
[Result "0-1"]
[WhiteElo "2334"]
[BlackElo "2306"]
[PlyCount "123"]
[EventDate "2000.10.14"]
[EventType "team"]
[EventRounds "15"]
[EventCountry "GER"]
[SourceTitle "Bundesliga 0001"]
[Source "DeepChess"]
[SourceDate "2005.01.01"]
[SourceVersion "1"]
[SourceVersionDate "2005.01.01"]
[SourceQuality "1"]
[WhiteTeam "SK Koenig Plauen"]
[BlackTeam "SC Hassel KS Gelsenkirchen"]
[WhiteTeamCountry "GER"]
[BlackTeamCountry "GER"]

1. d4 Nf6 2. c4 g6 3. Nc3 Bg7 4. e4 d6 5. Be2 O-O 6. Nf3 e5 7. O-O Nc6 8. d5
Ne7 9. b4 Nh5 10. Re1 Nf4 11. Bf1 a5 12. bxa5 Rxa5 13. a4 c5 14. Nb5 Ra6 15.
Ra3 h6 16. Nd2 g5 17. g3 Nfg6 18. Bd3 Bd7 19. Bb2 g4 20. Be2 Qc8 21. Nf1 Nh8
22. Ne3 h5 23. h3 f5 24. exf5 Nxf5 25. hxg4 Nxe3 26. Rxe3 hxg4 27. Re4 Nf7 28.
Bc1 Bh6 29. Bxg4 Bxc1 30. Bxd7 Qxd7 31. Qxc1 Qf5 32. f4 Ng5 33. fxg5 Qf2+ 34.
Kh1 Qf3+ 35. Kh2 Qf2+ 36. Kh3 Kg7 37. Qe3 Qf5+ 38. Kg2 Rxa4 39. Nc3 Ra3 40. g4
Qf7 41. g6 Qxg6 42. Qg3 Rb3 43. Kg1 Qg5 44. R4e3 Rf4 45. Ne4 Rxe4 46. Rxb3 Rxg4
47. Kf2 Qd2+ 48. Re2 Qd4+ 49. Qe3 Qd1 50. Re1 Qc2+ 51. Qe2 Qf5+ 52. Rf3 Qg5 53.
Qe3 Qh4+ 54. Kf1 e4 55. Rf2 Kh7 56. Rc1 Qh5 57. Rcc2 Rh4 58. Rg2 Qd1+ 59. Qe1
Rh1+ 60. Rg1 Rxg1+ 61. Kxg1 Qxe1+ 62. Kh2 0-1

[Event "Bundesliga 0001"]
[Site "Deutschland"]
[Date "2001.03.31"]
[Round "12.6"]
[White "Baumhus, Reinhard"]
[Black "Sandner, Gunter"]
[Result "1-0"]
[WhiteElo "2341"]
[BlackElo "2333"]
[PlyCount "69"]
[EventDate "2000.10.14"]
[EventType "team"]
[EventRounds "15"]
[EventCountry "GER"]
[SourceTitle "Bundesliga 0001"]
[Source "DeepChess"]
[SourceDate "2005.01.01"]
[SourceVersion "1"]
[SourceVersionDate "2005.01.01"]
[SourceQuality "1"]
[WhiteTeam "SC Hassel KS Gelsenkirchen"]
[BlackTeam "SK Koenig Plauen"]
[WhiteTeamCountry "GER"]
[BlackTeamCountry "GER"]

1. e4 g6 2. d4 Bg7 3. Nc3 d6 4. Nge2 a6 5. a4 b6 6. g3 Bb7 7. Bg2 Nd7 8. O-O c5
9. Be3 Rb8 10. h3 Ngf6 11. g4 cxd4 12. Bxd4 e5 13. Be3 Nc5 14. Ng3 O-O 15. f4
exf4 16. Bxf4 Ne8 17. Qd2 Ne6 18. Be3 Be5 19. Nge2 N8g7 20. Nd5 Ba8 21. g5 Ne8
22. Rf2 Bxb2 23. Raf1 Be5 24. h4 Bxd5 25. exd5 Nc5 26. Nd4 Qd7 27. Nc6 Ra8 28.
a5 Qg4 29. axb6 Ne4 30. Rf4 Bxf4 31. Rxf4 Nxd2 32. Rxg4 f5 33. b7 Rb8 34. Nxb8
fxg4 35. Nd7 1-0

[Event "Bundesliga 0001"]
[Site "Deutschland"]
[Date "2001.03.31"]
[Round "12.7"]
[White "Hackel, Mario"]
[Black "Ahn, Martin"]
[Result "1-0"]
[WhiteElo "2338"]
[BlackElo "2265"]
[PlyCount "124"]
[EventDate "2000.10.14"]
[EventType "team"]
[EventRounds "15"]
[EventCountry "GER"]
[SourceTitle "Bundesliga 0001"]
[Source "DeepChess"]
[SourceDate "2005.01.01"]
[SourceVersion "1"]
[SourceVersionDate "2005.01.01"]
[SourceQuality "1"]
[WhiteTeam "SK Koenig Plauen"]
[BlackTeam "SC Hassel KS Gelsenkirchen"]
[WhiteTeamCountry "GER"]
[BlackTeamCountry "GER"]

1. d4 Nf6 2. g3 g6 3. Bg2 Bg7 4. e4 d6 5. Ne2 O-O 6. Nbc3 e5 7. h3 Nc6 8. d5
Ne7 9. Bg5 c6 10. Qd2 cxd5 11. exd5 Qb6 12. a4 Nf5 13. a5 Qc7 14. g4 Nd4 15.
O-O Bd7 16. f4 Nxe2+ 17. Qxe2 h6 18. Bxf6 Bxf6 19. Ne4 Bh4 20. f5 f6 21. fxg6
Be8 22. Nc3 Bxg6 23. Be4 Qh7 24. Bf5 h5 25. Ra4 Bg5 26. Qd3 Bxf5 27. Rxf5 Rac8
28. Ne4 Qg7 29. c3 hxg4 30. Nxg5 fxg5 31. Rxg4 Rxf5 32. Qxf5 Rf8 33. Qe6+ Qf7
34. Rxg5+ Kh7 35. Qxf7+ Rxf7 36. Kg2 Rc7 37. Rg4 Kh6 38. Rb4 Kg5 39. Kg3 Kf5
40. Kf3 Rh7 41. h4 Rc7 42. Ke3 Rg7 43. Rc4 Rg3+ 44. Kf2 Rd3 45. Rc7 Rxd5 46. b4
Rb5 47. Ke3 a6 48. h5 Kg5 49. Ke4 Kxh5 50. Rd7 Kg6 51. Rxd6+ Kf7 52. Kf5 Ke7
53. Re6+ Kd7 54. Rxe5 Kc6 55. Ke4 Rxe5+ 56. Kxe5 Kb5 57. Kd5 Ka4 58. Kc5 Kb3
59. Kb6 Kxc3 60. Kxb7 Kxb4 61. Kxa6 Kc5 62. Kb7 Kb5 1-0

[Event "Bundesliga 0001"]
[Site "Deutschland"]
[Date "2001.03.31"]
[Round "12.8"]
[White "Schirbel, Andreas"]
[Black "Haskamp, Stephan"]
[Result "0-1"]
[WhiteElo "2308"]
[BlackElo "2290"]
[PlyCount "58"]
[EventDate "2000.10.14"]
[EventType "team"]
[EventRounds "15"]
[EventCountry "GER"]
[SourceTitle "Bundesliga 0001"]
[Source "DeepChess"]
[SourceDate "2005.01.01"]
[SourceVersion "1"]
[SourceVersionDate "2005.01.01"]
[SourceQuality "1"]
[WhiteTeam "SC Hassel KS Gelsenkirchen"]
[BlackTeam "SK Koenig Plauen"]
[WhiteTeamCountry "GER"]
[BlackTeamCountry "GER"]

1. d4 d6 2. Nf3 g6 3. e4 Bg7 4. Bc4 e6 5. O-O Nd7 6. Nc3 a6 7. a4 b6 8. Bg5 Ne7
9. Qd2 h6 10. Be3 Bb7 11. Rad1 Nf6 12. e5 Nfd5 13. Rfe1 Nxc3 14. Qxc3 Bxf3 15.
gxf3 O-O 16. f4 Qd7 17. b3 Qc6 18. Qd3 Rfd8 19. d5 Qb7 20. dxe6 d5 21. exf7+
Kxf7 22. e6+ Kg8 23. Qd2 dxc4 24. Qxd8+ Rxd8 25. Rxd8+ Kh7 26. Rd7 Nf5 27. e7
Nh4 28. Kf1 Qg2+ 29. Ke2 Qg4+ 0-1

[Event "Bundesliga 0001"]
[Site "Deutschland"]
[Date "2001.03.31"]
[Round "12.2"]
[White "Rogozenko, Dorian"]
[Black "Doettling, Fabian"]
[Result "1-0"]
[WhiteElo "2531"]
[BlackElo "2473"]
[PlyCount "101"]
[EventDate "2000.10.14"]
[EventType "team"]
[EventRounds "15"]
[EventCountry "GER"]
[SourceTitle "Bundesliga 0001"]
[Source "DeepChess"]
[SourceDate "2005.01.01"]
[SourceVersion "1"]
[SourceVersionDate "2005.01.01"]
[SourceQuality "1"]
[WhiteTeam "USC Magdeburg"]
[BlackTeam "SF 1982 Baiertal Schatthausen"]
[WhiteTeamCountry "GER"]
[BlackTeamCountry "GER"]

1. d4 d5 2. c4 e6 3. Nc3 Be7 4. Nf3 Nf6 5. Bg5 O-O 6. e3 Nbd7 7. Rc1 a6 8. c5
Ne4 9. Nxe4 dxe4 10. Bxe7 Qxe7 11. Nd2 Nf6 12. Nc4 Bd7 13. Ne5 Bb5 14. Qc2 Qd8
15. Bc4 Bxc4 16. Nxc4 Qd5 17. O-O Nd7 18. Nd2 Nf6 19. Nc4 Nd7 20. c6 Qxc6 21.
Na5 Qxc2 22. Rxc2 b6 23. Rxc7 bxa5 24. Rxd7 Rab8 25. b3 a4 26. bxa4 Rb4 27. Rc1
Rxa4 28. Rc2 g6 29. g4 Kg7 30. Kg2 g5 31. h4 h6 32. h5 Ra5 33. Ra7 Re8 34. Rcc7
Rf8 35. Rc6 Re8 36. d5 Kf6 37. Raxa6 Ra8 38. Rxa5 Rxa5 39. dxe6 fxe6 40. Rc2
Ra7 41. Kf1 Ke5 42. Rd2 Kf6 43. Ke2 Ke5 44. Kd1 Ra8 45. Kc1 Ra7 46. Kb1 Ra8 47.
Ka1 Ra7 48. Kb2 Ra8 49. a3 Rb8+ 50. Kc3 Rb1 51. a4 1-0